ბათუმის შოთა რუსთაველის სახელმწიფო უნივერსიტეტის ბიბლიოთეკა

აფხაზეთში (საქართველო) კონფლიქტის გადაწყვეტის ხელშეწყობა ეკონომიკური ფაქტორების გამოყენებით (ბიბ.ჩანაწერი № 34915)

000 -LEADER
fixed length control field 00811nam a2200205Ia 4500
001 - CONTROL NUMBER
control field 742
003 - CONTROL NUMBER IDENTIFIER
control field GE_BSU
008 - FIXED-LENGTH DATA ELEMENTS--GENERAL INFORMATION
fixed length control field 181216s||||||||xx |||||||||||||| ||und||
040 ## - CATALOGING SOURCE
Transcribing agency GE_BSU
080 ## - UNIVERSAL DECIMAL CLASSIFICATION NUMBER
Universal Decimal Classification number 327.5:33
100 ## - MAIN ENTRY--PERSONAL NAME
Personal name ჯიბუტი, მიხეილ
245 ## - TITLE STATEMENT
Title აფხაზეთში (საქართველო) კონფლიქტის გადაწყვეტის ხელშეწყობა ეკონომიკური ფაქტორების გამოყენებით
245 ## - TITLE STATEMENT
Statement of responsibility, etc. რედ. ავთანდილ სილაგაძე
260 ## - PUBLICATION, DISTRIBUTION, ETC.
Place of publication, distribution, etc. თბილისი
260 ## - PUBLICATION, DISTRIBUTION, ETC.
Date of publication, distribution, etc. 2005
300 ## - PHYSICAL DESCRIPTION
Extent 88 გვ.
653 ## - INDEX TERM--UNCONTROLLED
Uncontrolled term ქართულ-აფხაზური კონფლიქტი
942 ## - ADDED ENTRY ELEMENTS (KOHA)
Koha item type წიგნი
ეგზემპლარები
Withdrawn status Lost status Damaged status Not for loan Date acquired Barcode Date last seen Price effective from Koha item type
        2018-12-17 1078 2018-12-17 2018-12-17 წიგნი